000 00442nmm a2200157Ia 4500
008 251105s9999||||xx |||||||||||||||||und||
020 _a9789562845083
041 _aspa
100 _aPardo, Adolfo
245 0 _aLa silla de ruedas
264 _a[Santiago de Chile, Chile] :
_bRil editores,
_c2007
300 _a224 páginas
650 _aLatin American narrative
856 _uhttps://public.digitaliapublishing.com/a/29690
942 _cCF
999 _c94381
_d94381